| 000 | 00507cam a2200157Ii 4500 | ||
|---|---|---|---|
| 082 |
_a823 _bAUS |
||
| 100 | 1 |
_aAustin, F. Britten _949902 |
|
| 245 | 1 | 4 |
_aThe road to glory : _ba novel / _cby Britten Austin. |
| 260 |
_aLondon : _bT. Butterworth, _c1935. |
||
| 300 |
_a349 p. ; _c20 cm. |
||
| 500 | _aInscribed by the author to Marie Mattingly Meloney. | ||
| 526 |
_a0 _b0 _c0 _d823_000000000000000_AUS |
||
| 650 | 0 |
_aMCE _9379 |
|
| 650 | 0 |
_aNapoleonic Wars, 1800-1815 _xCampaigns _zItaly _949903 |
|
| 942 |
_2ddc _cBK |
||
| 999 |
_c552646 _d552646 |
||